Statistics for Books to Authors #19

Click here to take the quiz!

General Stats

  • This quiz has been taken 93 times
  • The average score is 5 of 14

Answer Stats

BookAuthor% Correct
Jungle BookRudyard Kipling
91%
Around the World in 80 DaysJules Verne
87%
Black BeautyAnna Sewell
57%
UtopiaThomas More
57%
The Secret GardenFrances Hodgson Burnett
45%
My AntoniaWilla Cather
30%
The House of MirthEdith Wharton
28%
Gargantua and PantagruelFrançois Rabelais
19%
The Blind WatchmakerRichard Dawkins
16%
The Witching HourAnne Rice
12%
Group Portrait with LadyHeinrich Böll
9%
NightwoodDjuna Barnes
6%
The Return of the SoldierRebecca West
6%
Lost IllusionsHonore de Balzac
4%

Score Distribution

Percentile by Number Answered

Percent of People with Each Score

Your Score History

You have not taken this quiz